Detalles MARC
| 000 -LIDER |
| fixed length control field |
01637nam a2200385 a 4500 |
| 001 - NÚMERO DE CONTROL |
| Identificador de número de control |
000008577 |
| 003 - IDENTIFICACDOR DE NÚMERO DE CONTROL |
| control field |
DO-SdBNP |
| 005 - DATE AND TIME OF LATEST TRANSACTION |
| control field |
20170927090135.0 |
| 007 - CAMPOS FIJOS DE DESCRIPCIÓN FÍSICA |
| fixed length control field |
000008577 |
| 008 - ELEMENTOS DE LONGITUD FIJA |
| fixed length control field |
090917s1991 dr 000 p spa d |
| 040 ## - FUENTE DE CATALOGACIÓN |
| Agencia que crea de manera original el registro |
BPMSU |
| Idioma de catalogación |
spa |
| Agencia que realiza la transcripción |
BPMSU |
| 082 #4 - NÚMERO DE CLASIFICACIÓN DECIMAL DE DEWEY |
| Classification number |
RD860.9 |
| Item number |
E56L |
| 111 2# - ASIENTO PRINCIPAL--NOMBRE DE REUNIÓN O CONFERENCIA |
| Nombre de reunión o jurisdicción como elemento de entrada |
Encuentro, Mujer y Escritura ( |
| Fecha de la reunión |
1989 : |
| Lugar de la reunión |
Santo Domingo ) |
| 245 10 - MENCIÓN DE TITULO |
| Título |
Libertad, creación e identidad : |
| Subtítulo |
selección ponencias. |
| 260 ## - PUBLICACIÓN, DISTRIBUCIÓN, ETC. (PIE DE IMPRENTA) |
| Lugar de publicación, distribución, etc |
Santo Domingo : |
| Nombre del editor, distribuidor, etc. |
CE-MUJER: |
| -- |
UASD, |
| Fecha de publicación, distribución, etc |
1991. |
| 300 ## - DESCRIPCIÓN FÍSICA |
| Extensión |
xv, 268 p. ; |
| Dimensiones |
21 cm. |
| 490 1# - MENCIÓN DE SERIES |
| Mención de serie |
Publicaciones de la Universidad Autónoma de Santo Domingo ; |
| Volume/sequential designation |
641 |
| 490 1# - MENCIÓN DE SERIES |
| Mención de serie |
Literatura y sociedad ; |
| Volume/sequential designation |
12 |
| 650 #4 - ENCABEZAMIENTO DE MATERIA--TEMÁTICO |
| Término temático o nombre geográfico como elemento de entrada |
LITERATURA HISPANOAMERICANA |
| Subdivisión temática general |
MUJERES COMO AUTORAS |
| -- |
HISTORIA Y CRITICA |
| -- |
CONGRESOS, CONFERENCIAS, ETC. |
| 650 #4 - ENCABEZAMIENTO DE MATERIA--TEMÁTICO |
| Término temático o nombre geográfico como elemento de entrada |
LITERATURA |
| Subdivisión temática general |
MUJERES COMO AUTORAS |
| -- |
CONGRESOS, CONFERENCIAS, ETC. |
| 650 #4 - ENCABEZAMIENTO DE MATERIA--TEMÁTICO |
| Término temático o nombre geográfico como elemento de entrada |
MUJERES EN LA LITERATURA |
| Subdivisión geográfica |
AMÉRICA LATINA |
| Subdivisión temática general |
CONGRESOS, CONFERENCIAS, ETC. |
| 710 22 - ASIENTO SECUNDARIO -- NOMBRE CORPORATIVO |
| Nombre corporativo o de jurisdicción |
Universidad Autónoma de Santo Domingo |
| 710 2# - ASIENTO SECUNDARIO -- NOMBRE CORPORATIVO |
| Nombre corporativo o de jurisdicción |
Centro de Solidaridad para el Desarrollo de la Mujer (República Dominicana) |
| 830 #0 - ASIENTO SECUNDARIO DE SERIE--TÍTULO UNIFORME |
| Título uniforme |
Publicaciones de la Universidad Autónoma de Santo Domingo ; |
| Número de la parte o sección de una obra |
641 |
| 830 #0 - ASIENTO SECUNDARIO DE SERIE--TÍTULO UNIFORME |
| Título uniforme |
Literatura dominicana ; |
| Volume number/sequential designation |
12 |
| 910 ## - VALIDACIÓN |
| Validación |
Validado. Control de calidad BNPHU |
| 930 #1 - EQUIVALENCE OR CROSS-REFERENCE-UNIFORM TITLE HEADING [LOCAL, CANADA] |
| Language of a work |
BND01 |
| Medium of performance for music |
LF1 |
| Medium |
RD860.9 |
| Field link and sequence number |
20090917 |
| Date of a work |
01 |
| Name of part/section of a work |
HD |
| Miscellaneous information |
4060 |
| 930 #1 - EQUIVALENCE OR CROSS-REFERENCE-UNIFORM TITLE HEADING [LOCAL, CANADA] |
| Language of a work |
BND01 |
| Medium of performance for music |
LF1 |
| Medium |
RD860.9 |
| Field link and sequence number |
20090917 |
| Date of a work |
01 |
| Name of part/section of a work |
HD |
| Miscellaneous information |
4060 |
| Medium |
e. 2 |
| 942 ## - ADDED ENTRY ELEMENTS (KOHA) |
| Source of classification or shelving scheme |
Dewey Decimal Classification |
| Koha item type |
Libros |
| 945 ## - INFORMACIÓN DE PROCESAMIENTO LOCAL |
| Información de procesamiento local |
Inventariado, 2017/MFF |
| 956 ## - LOCAL ELECTRONIC LOCATION AND ACCESS (OCLC) |
| Nombre de host |
SARMENTERO |
| Número de acceso |
10 |
| Información de compresión |
20090917 |
| Inicio de sesión |
BND01 |
| Procesador de solicitud |
1336 |
| 956 ## - LOCAL ELECTRONIC LOCATION AND ACCESS (OCLC) |
| Nombre de host |
BTAVAREZ |
| Número de acceso |
10 |
| Información de compresión |
20090928 |
| Inicio de sesión |
BND01 |
| Procesador de solicitud |
0845 |
| 956 ## - LOCAL ELECTRONIC LOCATION AND ACCESS (OCLC) |
| Nombre de host |
MFILETO |
| Número de acceso |
10 |
| Información de compresión |
20091008 |
| Inicio de sesión |
BND01 |
| Procesador de solicitud |
1353 |
| 956 ## - LOCAL ELECTRONIC LOCATION AND ACCESS (OCLC) |
| Nombre de host |
VMATEO |
| Número de acceso |
10 |
| Información de compresión |
20150805 |
| Inicio de sesión |
BPMSU |
| Procesador de solicitud |
00151 |